000 00648nam a2200241Ia 4500
003 OSt
005 20221007081148.0
006 a|||||r|||| 00| 0
007 ta
008 221006b |||||||| |||| 00| 0 eng d
024 _a27,728
037 _cTextual
040 _aFLL
_cFLL
_beng
041 _2eng
_aeng
082 _aZ73,1227, L9
100 _aCallahan Parnell J.T.
_9696567
245 0 _aLaw of separation and divorce
250 _a4th
260 _aNew York
_bOceana Publications, Inc. New
_c1979
300 _aix,123p
_ccm.
942 _hZ73,1227, L9
_cTEXL
_2CC
999 _c1162243
_d1162243